000 00349nam a2200133 i 4500
001 bg
100 1 _aSZKLARCZYK, Antoni Ryszard
245 0 _aSpycharki :
_bMaszynoznawstwo specjalistyczne /
_cAntoni Ryszard Szklarczyk.
260 _aWarszawa,
_c1976.
040 _cBPK
041 _apol
942 _cKS
008 s pl f |000 0 pol
999 _c17111
_d17111
856 _uhttp://koha.tu.koszalin.pl/cgi-bin/koha/opac-detail.pl?biblionumber=17111
_yKatalog online BPK